<?xml version="1.0" encoding="UTF-8"?>
<record
    xmlns:xsi="http://www.w3.org/2001/XMLSchema-instance"
    xsi:schemaLocation="http://www.loc.gov/MARC21/slim http://www.loc.gov/standards/marcxml/schema/MARC21slim.xsd"
    xmlns="http://www.loc.gov/MARC21/slim">

  <leader>01453nam2a22003011  4500</leader>
  <controlfield tag="001">RU\NLR\A1SV\85886</controlfield>
  <controlfield tag="005">20251203152403.2</controlfield>
  <datafield tag="035" ind1=" " ind2=" ">
    <subfield code="a">(NLR Aleph) 009767291</subfield>
  </datafield>
  <datafield tag="090" ind1=" " ind2=" ">
    <subfield code="a">13484003</subfield>
    <subfield code="c">13484003</subfield>
  </datafield>
  <datafield tag="100" ind1=" " ind2=" ">
    <subfield code="a">20080306d1925    u  y0rusy50      ca</subfield>
  </datafield>
  <datafield tag="101" ind1="0" ind2=" ">
    <subfield code="a">rus</subfield>
  </datafield>
  <datafield tag="200" ind1="1" ind2=" ">
    <subfield code="a">&#x41F;&#x440;&#x438;&#x440;&#x43E;&#x434;&#x430;</subfield>
  </datafield>
  <datafield tag="210" ind1=" " ind2=" ">
    <subfield code="d">1925</subfield>
  </datafield>
  <datafield tag="215" ind1=" " ind2=" ">
    <subfield code="a">93, [2] &#x441;.</subfield>
  </datafield>
  <datafield tag="300" ind1=" " ind2=" ">
    <subfield code="a">&#x410;&#x432;&#x442;.: &#x41D;.&#x420;&#x43E;&#x43C;&#x430;&#x43D;&#x43E;&#x432;, &#x410;.&#x421;&#x43A;&#x432;&#x43E;&#x440;&#x446;&#x43E;&#x432;, &#x411;.&#x421;&#x435;&#x440;&#x435;&#x431;&#x440;&#x44F;&#x43A;&#x43E;&#x432;, &#x41C;.&#x410;&#x432;&#x435;&#x440;&#x43A;&#x438;&#x435;&#x432;, &#x421;.&#x421;&#x442;&#x430;&#x43D;&#x43A;&#x43E;&#x432;, &#x410;.&#x41F;&#x438;&#x441;&#x43D;&#x44F;&#x447;&#x435;&#x432;&#x441;&#x43A;&#x438;&#x439;</subfield>
  </datafield>
  <datafield tag="461" ind1=" " ind2="1">
    <subfield code="1">001RU\NLR\A1SV\85885</subfield>
    <subfield code="1">2000#$a&#x41D;&#x438;&#x436;&#x435;&#x433;&#x43E;&#x440;&#x43E;&#x434;&#x441;&#x43A;&#x438;&#x439; &#x43A;&#x440;&#x430;&#x439;$e[&#x421;&#x431;. &#x441;&#x442;.]$e&#x41F;&#x43E;&#x441;&#x43E;&#x431;&#x438;&#x435; &#x434;&#x43B;&#x44F; &#x443;&#x447;&#x438;&#x442;&#x435;&#x43B;&#x435;&#x439; &#x448;&#x43A;. I &#x438; II &#x441;&#x442;&#x443;&#x43F;.$f&#x41F;&#x43E;&#x434; &#x440;&#x435;&#x434;. &#x410;&#x440;&#x445;&#x430;&#x43D;&#x433;&#x435;&#x43B;&#x44C;&#x441;&#x43A;&#x43E;&#x433;&#x43E;, &#x421;.&#x418;., &#x411;&#x430;&#x43B;&#x430;&#x445;&#x43E;&#x43D;&#x43E;&#x432;&#x430;, &#x410;.&#x413;., &#x41A;&#x430;&#x43B;&#x438;&#x433;&#x438;&#x43D;&#x430;, &#x418;.&#x413;. &#x438; [&#x438; &#x434;&#x440;.]$v&#x427;.1</subfield>
    <subfield code="9">10042159</subfield>
    <subfield code="c">&#x41D;.-&#x41D;&#x43E;&#x432;&#x433;&#x43E;&#x440;&#x43E;&#x434;</subfield>
    <subfield code="d">1925-1926</subfield>
    <subfield code="f">&#x41F;&#x43E;&#x434; &#x440;&#x435;&#x434;. &#x410;&#x440;&#x445;&#x430;&#x43D;&#x433;&#x435;&#x43B;&#x44C;&#x441;&#x43A;&#x43E;&#x433;&#x43E;, &#x421;.&#x418;., &#x411;&#x430;&#x43B;&#x430;&#x445;&#x43E;&#x43D;&#x43E;&#x432;&#x430;, &#x410;.&#x413;., &#x41A;&#x430;&#x43B;&#x438;&#x433;&#x438;&#x43D;&#x430;, &#x418;.&#x413;. &#x438; [&#x438; &#x434;&#x440;.]</subfield>
    <subfield code="n">&#x428;&#x43A;. &#x438; &#x436;&#x438;&#x437;&#x43D;&#x44C;</subfield>
    <subfield code="o">[&#x421;&#x431;. &#x441;&#x442;.] : &#x41F;&#x43E;&#x441;&#x43E;&#x431;&#x438;&#x435; &#x434;&#x43B;&#x44F; &#x443;&#x447;&#x438;&#x442;&#x435;&#x43B;&#x435;&#x439; &#x448;&#x43A;. I &#x438; II &#x441;&#x442;&#x443;&#x43F;.</subfield>
    <subfield code="t">&#x41D;&#x438;&#x436;&#x435;&#x433;&#x43E;&#x440;&#x43E;&#x434;&#x441;&#x43A;&#x438;&#x439; &#x43A;&#x440;&#x430;&#x439;</subfield>
    <subfield code="v">&#x427;.1</subfield>
  </datafield>
  <datafield tag="702" ind1=" " ind2="1">
    <subfield code="a">&#x420;&#x43E;&#x43C;&#x430;&#x43D;&#x43E;&#x432;</subfield>
    <subfield code="b">&#x41D;.</subfield>
  </datafield>
  <datafield tag="702" ind1=" " ind2="1">
    <subfield code="a">&#x421;&#x43A;&#x432;&#x43E;&#x440;&#x446;&#x43E;&#x432;</subfield>
    <subfield code="b">&#x410;.</subfield>
  </datafield>
  <datafield tag="702" ind1=" " ind2="1">
    <subfield code="a">&#x421;&#x435;&#x440;&#x435;&#x431;&#x440;&#x44F;&#x43A;&#x43E;&#x432;</subfield>
    <subfield code="b">&#x411;.</subfield>
  </datafield>
  <datafield tag="702" ind1=" " ind2="1">
    <subfield code="a">&#x410;&#x432;&#x435;&#x440;&#x43A;&#x438;&#x435;&#x432;</subfield>
    <subfield code="b">&#x41C;.</subfield>
  </datafield>
  <datafield tag="702" ind1=" " ind2="1">
    <subfield code="a">&#x421;&#x442;&#x430;&#x43D;&#x43A;&#x43E;&#x432;</subfield>
    <subfield code="b">&#x421;.</subfield>
  </datafield>
  <datafield tag="702" ind1=" " ind2="1">
    <subfield code="a">&#x41F;&#x438;&#x441;&#x43D;&#x44F;&#x447;&#x435;&#x432;&#x441;&#x43A;&#x438;&#x439;</subfield>
    <subfield code="b">&#x410;.</subfield>
  </datafield>
  <datafield tag="801" ind1=" " ind2="0">
    <subfield code="a">RU</subfield>
    <subfield code="b">NLR</subfield>
    <subfield code="c">20080306</subfield>
  </datafield>
  <datafield tag="852" ind1=" " ind2=" ">
    <subfield code="a">NLR</subfield>
    <subfield code="j">21/453-1</subfield>
  </datafield>
  <datafield tag="942" ind1=" " ind2=" ">
    <subfield code="c">BOOK</subfield>
  </datafield>
  <datafield tag="980" ind1=" " ind2=" ">
    <subfield code="a">A1SV</subfield>
  </datafield>
  <datafield tag="980" ind1=" " ind2=" ">
    <subfield code="a">NB</subfield>
  </datafield>
</record>
